000 00809nas a2200229 4500
001 BR9501821
003 BR-BrBNA
005 20231205093938.0
007 ta
008 230509b bl.|||p| |||| 00| 00por d
040 _aBR-BrBNA
_bpor
_cBiblioteca Nacional de Agricultura
041 _a(Pt)
072 _aM40
100 1 _aFonteles Filho, A.A.
245 1 _aSinopse de informacoes sobre a cavala, Scomberomorus cavalla (Cuvier)e a serra, Scomberomorus brasiliensis Collette, Russo Zavala-Camin (Pisces: Scombridae), no estado do Ceara, Brasil
650 _aCavala Verdadeira
650 _aPeixe Serra
650 _aCeara
773 0 _tArquivos de Ciencias do Mar (Brazil)
_xISSN 0374-5686
_g(Dec 1988), v. 27 p. 21-48
_wBR9501821
909 _a202311
_bLúcia
_c55
_dLúcia Elande
942 _2AGRIS
_n0
_cANA
999 _c141226
_d141226